000 00673nam a22002297a 4500
999 _c11803
_d11803
001 11803
003 BD-JhCC
005 20220727134023.0
008 201103b19982019bg |||| ||a| 000 0 ben d
020 _a9789844042698
035 _a(BD-JhCC)11803
040 _aBD-JhCC
_dBD-JhCC
041 _aben
082 _a891.443
_bRAI 2019
100 _aরায়হান, জহির
245 _aশেষ বিকেলের মেয়ে /
_cজহির রায়হান ।
260 _aঢাকা:
_bঅনুপম প্রকাশনী;
_c২০১৯.
300 _a80 p. :
_c20 cm.
650 _aNovel
942 _2ddc
_cBK
_07